000
002930000a22001210004500
100
1
_a
Barzel, Shlomoh
245
1
0
_a
El Dios creador
300
_a
Vol.62, núm.286 (2007), Página 16
500
_a
Genesis 1:1-5
650
1
4
_a
DIOS CREADOR
773
0
_t
La Biblia de las Américas
942
_c
ANA
999
_c
62617
_d
62617